Sayings - Statistics

General Stats
  • This quiz has been taken 127 times
  • The average score is 7 of 13
Answer Stats
Hint Answer % Correct
Not the ________ tool in the shed. sharpest
93%
Not the _________ bulb in the box. brightest
88%
Don't throw rocks in _____ houses. glass
80%
You can't beat a dead _____. horse
75%
_________ killed the cat. curiosity
73%
Comparing apples to _______. oranges
70%
I'll paint your backdoor ___. red
63%
There's more than one way to ____ a rabbit. skin
58%
Great minds think alike, but _____ rarely differ. fools
20%
Close only counts in horseshoes and ____ ________. hand grenades
17%
I'm gonna ____ the taste out of your mouth. slap
14%
The blood of the ________ is thicker than the water of the womb. covenant
12%
I'll fix your little red _____. wagon
10%
No matching quizzes found
Score Distribution
Percent of People with Each Score
Percentile by Number Answered
Your Score History
You have not taken this quiz